000 00612nam a22001817a 4500
003 UA-OsUOA
001 18241
007 ta
008 20040425b un ||||| |||| 00| 0 ukr d
100 _aБовт Т.
942 _cSA
040 _aUA-OsUOA
_cUA-OsUOA
_dUA-OsUOA
245 _aУФСІ повідомляє: [Про співпрацю Українського фонду соц. інвестицій із громадянами Корец. р-ну]
300 _aС.2
955 _a0
773 0 _w0
_tВісті Кореччини
_dКорець
_d2004
_g№27/1 квіт./
650 7 _aІнвестиції
_2UDC
999 _c304411
_d304411